000 00702nam a22002297a 4500
003 UA-OsUOA
001 97075
007 ta
008 20130326b un ||||| |||| 00| 0 ukr d
100 _aОктябрьская Р.
090 _a355:929
_bО-52
942 _cBK
040 _aUA-OsUOA
_brus
_cUA-OsUOA
_dUA-OsUOA
245 _aШтормовые годы
_bрассказ об адмирале Ф.С. Октябрьском
300 _a240 с.
955 _a3
041 _arus
080 _a355:929
260 _aК.
_bПолитиздат
_c1989
650 7 _a35 Державно-адміністративне управління. Військова справа
_2UDC
999 _c383322
_d383322